00820cam a2200241 a 4500001001000000005001700010008004100027010001400068020002300082035001300105037001500118040001800133082001000151100001900161245004900180260003400229270005800263300003900321520014100360650001100501650003100512650003500543ENG-9081520080616095959.0080828t xxu||||| |||| 00| 0 eng d aENG-90815 a818382174Xc125.00 aEN-74348 bDBAD / PUB aDPLbEnglish  a646.7 aKapoor, Vimal  aArt of successful living /cby Vimal Kapoor  aNew DelhibLotus Press c2008 a4263/3, Ansari Raod, Darya Ganj, bNew Delhi e110002 a176 p.:c24 cm (pbk) bb&w photos  aContributed papers presented at a seminar organized by Centre for Central Eurasian Studies, University of Mumbai in February-March 2005. aHealth aSuccessxReligious aspects aSuccessxPsychological aspects